गानयोगी : (Record no. 51299)

MARC details
000 -LEADER
fixed length control field 01309nam a22002657a 4500
005 - DATE AND TIME OF LATEST TRANSACTION
control field 20110328112546.0
008 - FIXED-LENGTH DATA ELEMENTS--GENERAL INFORMATION
fixed length control field 110328t xxu||||| |||| 00| 0 mar d
010 ## - LCCN (DPL NO)
LC control number MAR-20667
020 ## - INTERNATIONAL STANDARD BOOK NUMBER
Terms of availability 650.00
035 ## - SYSTEM CONTROL NUMBER
System control number MR-13325
037 ## - SOURCE OF ACQUISITION
Source of stock number/acquisition DBAD / PUB
040 ## - CATALOGING SOURCE
Original cataloging agency DPL
Language of cataloging MR
082 ## - DEWEY DECIMAL CLASSIFICATION NUMBER
Classification number 780.92
100 ## - MAIN ENTRY--PERSONAL NAME
Personal name कीर्तने,अंजली
9 (RLIN) 26802
245 ## - TITLE STATEMENT
Title गानयोगी :
Statement of responsibility, etc अंजली कीर्तने
Remainder of title (पंडित दत्तात्रय विष्णू पलुस्कर) /
246 ## - VARYING FORM OF TITLE
Title proper/short title Ganyogi
Remainder of title by Anjali Kirtane
260 ## - PUBLICATION, DISTRIBUTION, ETC. (IMPRINT)
Place of publication, distribution, etc मुंबई
Name of publisher, distributor, etc नवचैतन्य प्रकाशन
Date of publication, distribution, etc 2010
270 ## - ADDRESS
Address नयू गजांत को-ऑप.हौ.सो.लि.,ब्लॉक नं. सी/11,तळमजळा,कासांगोनगर,एस व्ही रोड,बोरीवली,
City मुंबई
Postal code 400092
300 ## - PHYSICAL DESCRIPTION
Extent तीन,212पृ
Dimensions 24सेमी (सजिल्द )
Other physical details सचित्र
650 ## - SUBJECT ADDED ENTRY--TOPICAL TERM
9 (RLIN) 26803
650 ## - SUBJECT ADDED ENTRY--TOPICAL TERM
9 (RLIN) 26804
700 ## - ADDED ENTRY--PERSONAL NAME
9 (RLIN) 26805
942 ## - ADDED ENTRY ELEMENTS (KOHA)
Source of classification or shelving scheme Dewey Decimal Classification
Item type Marathi Books
Classification part 780.92
Call number suffix कीर्तने
Holdings
Withdrawn status Lost status Source of classification or shelving scheme Damaged status Not for loan Collection code Home library Current library Date acquired Source of acquisition Cost, normal purchase price Total Checkouts Full call number Barcode Date last seen Copy number Cost, replacement price Koha item type
    Dewey Decimal Classification   Not For Loan Non-fiction D.B.Act.Division D.B.Act.Division 29/03/2011 DBAD / PUB 650.00   780.92 कीर्तने MR-13325 29/03/2011 1 650.00 Marathi Books

© Delhi Public Library
Hit Counter
free hit counter